Statistics for Exit Music (For A Film) - Radiohead (All Lyrics)

Click here to take the quiz!

General Stats

  • This quiz has been taken 58 times
  • The average score is 82 of 106

Answer Stats

Answer% Correct
you
98%
A
96%
a
96%
And
93%
and
93%
we
93%
We
93%
your
93%
from
87%
I
85%
sleep
85%
That
85%
that
85%
to
85%
get
83%
Wake
83%
all
80%
can
80%
hope
80%
choke
78%
escape
78%
keep
78%
Pack
78%
Today
78%
us
78%
dressed
76%
The
76%
loose
74%
hell
72%
in
72%
Now
72%
are
70%
Before
70%
breaks
70%
Breathe
67%
breathing
67%
father
67%
one
67%
spineless
67%
do
65%
everlasting
65%
laugh
65%
song
65%
tears
65%
Don't
63%
hears
63%
peace
63%
warm
63%
Sing
61%
this
61%
can't
59%
lose
59%
such
59%
Such
59%
wisdom
57%
of
54%
chill
52%
nerve
52%
rules
52%
alone
48%
drying
48%
There's
41%

Score Distribution

Percentile by Number Answered

Percent of People with Each Score

Your Score History

You have not taken this quiz